000 00773nam a2200265Ia 4500
003 OSt
005 20220927110459.0
006 a|||||r|||| 00| 0
007 ta
008 220926b |||||||| |||| 00| 0 eng d
024 _a112441
037 _cReports
040 _aRTL
_cRTL
_beng
041 _2eng
_aeng
082 _a"J3:95595.N59t, K0/UN"
110 _aFood and Agriculture Organization
245 0 _aRadio active materials in food and agriculture
_b R
260 _aRome
_bFood and Agriculture Organization
_c1960
300 _a"ix, 123p."
_ccm.
490 _aAtomic Energy. 2.
650 _aAgriculture
700 _aFood and Agriculture Organization
942 _h"J3:95595.N59t, K0/UN"
_cCC
999 _c696945
_d696945